000 00235nam a2200097Ia 4500
008 230508s2008 xx 000 0 und d
041 _aeng
100 _aDONALDSON CYRIL
245 _aTOOL DESIGN
260 _bTATA MCGRAW HILL
_c2008
_g2008
999 _c342525
_d342525